000 00859nam a2200265 i 4500
001 000027392
003 DO-SdBNP
005 20250210102025.0
007 ta
008 110331s2012 dr 000 0 spa d
020 _a9945000446
040 _aDO-SdBNP
_bspa
_cBNPHU
_erda
041 1 7 _aspa
_heng
082 4 _bL864d
_222
245 0 0 _aDiccionario práctico :
_binglés técnico para computadoras /
_ccorrección, José Rafael López Familia.
246 1 1 _aPractical dictionary: Technical english for computers
264 _aSanto Dmingo :
_beditor no identificado,
_c2012.
300 _a299 páginas ;
_c21 cm.
336 _2rdacontent
_atexto
_btxt
337 _2rdamedia
_asin mediación
_bn
338 _2rdacarrier
_avolumen
_bnc
590 _aInventariado, 2024/BT
700 1 _aLópez Familia, José Rafael
_ecorrección
_9594
942 _2ddc
_cLBS1
999 _c26884
_d26884